000 00526nam a2200181Ia 4500
999 _c16208
_d16208
003 OSt
005 20200606115900.0
008 190216s9999||||xx |||||||||||||| ||und||
020 _a8126311355
040 _cMESKC library
082 _a891.438
_bKEL/P
100 1 _aKelekar, Ravindra
_9172
245 0 _aPatjhar Mein Tootee Pattiyan /
_cRavindra Kelekar
260 _bBharathiya Jananipid,
_aNew Delhi
_c2005
300 _a104p
650 _aHindi
942 _cBK
_2ddc
_h891.438
_iKEL/P
_k891.438
_mKEL/P